| 000 | 01241cam a2200313 4500 | ||
|---|---|---|---|
| 001 | WS109081 | ||
| 008 | 000000n 000 0 eng u | ||
| 035 | _a(Sirsi) u109081 | ||
| 110 |
_aSingapore Institute of Surveyors and Valuers _9448 |
||
| 245 | _aSingapore Institute of Surveyors and Valuers | ||
| 520 | _aWeb site for this professional body giving details of their objectives, their mediation centre and the Common Examination for House Agents. Includes a service called Reallink, which gives details of completed private property transactions, caveats, weekly summaries of price and demand trends and price levels quoted in property adverts. | ||
| 650 | _aSURVEYORS | ||
| 650 | _aVALUERS | ||
| 650 | _aSINGAPORE | ||
| 650 |
_aValuation _96273 |
||
| 650 | _aMEDIATION | ||
| 650 |
_aDISPUTE RESOLUTION _96236 |
||
| 650 | _aEXAMINATIONS | ||
| 650 | _aCAVEATS | ||
| 650 | _aFLOOR PLANS | ||
| 650 | _aHOUSE PRICES | ||
| 650 | _aORGANISATION | ||
| 650 | _aINTERNATIONAL | ||
| 650 | _aPROPERTY-COMMERCIAL PROPERTY | ||
| 650 | _aMARKET TRENDS | ||
| 690 | _aMANAGEMENT-BUSINESS MANAGEMENT-PROFESSIONAL PRACTICE | ||
| 856 | 4 | 0 |
_uhttps://www.sisv.org.sg _zView the website free of charge at www.sisv.org.sg... |
| 942 | _n0 | ||
| 999 |
_c119700 _d119700 |
||